Maverick real estate investing : The art of buying and selling properties like Trump, Zell, Simon, and the world’s greatest land owners

Guardat en:
Dades bibliogràfiques
Autor principal:  Bergsman, Steve
Format: Sách
Idioma:Undetermined
Publicat:  John Wiley & Sons  2004
Matèries:
Etiquetes: Afegir etiqueta
Sense etiquetes, Sigues el primer a etiquetar aquest registre!
Thư viện lưu trữ: Trung tâm Thư viện - Trường Đại học Công nghiệp TP. Hồ Chí Minh
LEADER 00604nam a2200157Ia 4500
001 UIH_04214
008 231011s9999 xx 000 0 und d
082 |a  332.6324 
100 |a  Bergsman, Steve 
245 0 |a  Maverick real estate investing : The art of buying and selling properties like Trump, Zell, Simon, and the world’s greatest land owners 
245 0 |c  Bergsman, Steve 
260 |b  John Wiley & Sons 
260 |c  2004 
650 |a  Đầu tư bất động sản;  
927 |a Sách 
980 |a Trung tâm Thư viện - Trường Đại học Công nghiệp TP. Hồ Chí Minh